| 000 | 00768cam a2200253 i 4500 | ||
|---|---|---|---|
| 999 |
_c6542 _d6542 |
||
| 001 | 6542 | ||
| 003 | Mx-PuUPA | ||
| 005 | 20230921110516.0 | ||
| 008 | 140415s1991 mx r 000 0 spa d | ||
| 020 | _a9686356142 | ||
| 040 |
_aMX-PuUPA _bspa _erda _cMx-PuUPA _dMx-PuUPA |
||
| 041 | 0 | _aspa | |
| 100 | 1 |
_aOvalle Favela, José, _eautor _94764 |
|
| 245 | 1 | 0 |
_aTeoría general del proceso / _cJosé Ovalle Favela. |
| 264 | 1 |
_aMéxico, D.F. : _bHarla, _c1991 |
|
| 300 |
_axxiv, 348 páginas ; _c23 cm. |
||
| 336 |
_atexto _2rdacontent _btxt |
||
| 337 |
_asin medio _2rdamedia _bn |
||
| 338 |
_avolumen _2rdacarrier _bnc |
||
| 490 | 0 | _aTextos Jurídicos Universitarios | |
| 650 | 4 | _aDerecho | |
| 942 |
_2ddc _cLI _h340.072 _iO96 |
||